Training methods that work a handbook for trainers /

Bibliographic Details
Main Author: Hart, Lois Borland.
Corporate Author: ProQuest (Firm)
Format: Electronic eBook
Language:English
Published: Los Altos, Calif. : Crisp, c1991.
Series:Fifty-Minute series.
Subjects:
Online Access:Click to View
LEADER 01194nam a2200325Ia 4500
001 EBC3116909
003 MiAaPQ
005 20200520144314.0
006 m o d |
007 cr cn|||||||||
008 040812s1991 caua gs 000 0 eng d
020 |z 1560520825 
035 |a (MiAaPQ)EBC3116909 
035 |a (Au-PeEL)EBL3116909 
035 |a (CaPaEBR)ebr10057995 
035 |a (OCoLC)922967005 
040 |a MiAaPQ  |c MiAaPQ  |d MiAaPQ 
050 4 |a HF5549.5.T7  |b H34 1991 
100 1 |a Hart, Lois Borland. 
245 1 0 |a Training methods that work  |h [electronic resource] :  |b a handbook for trainers /  |c Lois B. Hart. 
260 |a Los Altos, Calif. :  |b Crisp,  |c c1991. 
300 |a vi, 85 p. :  |b ill. 
490 1 |a Fifty-Minute series 
533 |a Electronic reproduction. Ann Arbor, MI : ProQuest, 2015. Available via World Wide Web. Access may be limited to ProQuest affiliated libraries. 
650 0 |a Employees  |x Training of  |v Handbooks, manuals, etc. 
650 0 |a Occupational training. 
655 4 |a Electronic books. 
710 2 |a ProQuest (Firm) 
830 0 |a Fifty-Minute series. 
856 4 0 |u https://ebookcentral.proquest.com/lib/matrademy/detail.action?docID=3116909  |z Click to View